| 000 | 00860nam a2200241 a 4500 | ||
|---|---|---|---|
| 001 | 000002994 | ||
| 003 | DO-SdBNP | ||
| 005 | 20221128125438.0 | ||
| 008 | 090706s1988 dr r 000 0 spa d | ||
| 040 |
_aDO-SdBNP _bspa _cBPMSU |
||
| 082 | 4 |
_a338.97293 _bM585m 1988 _222 |
|
| 100 | 1 | _aMessina, Milton | |
| 245 | 1 | 0 |
_aMemorias del ajuste de una economía en crisis / _cMilton Messina. |
| 260 |
_aSanto Domingo : _bFondo para el Avance de las Ciencias Sociales, _c1988. |
||
| 300 |
_a181 p. ; _c24 cm. |
||
| 500 | _aIncluye datos biográficos del autor en la contraportada | ||
| 504 | _aIncluye referencias bibliográficas y notas al pie de las páginas. | ||
| 590 | _aInventariado, 2022/VM | ||
| 650 | 4 |
_aEstabilidad económica _y1982-1986 |
|
| 651 | 4 |
_aRepública Dominicana _xPolítica conómica _y1982-1986 |
|
| 910 | _aVMateo V./Validado | ||
| 942 |
_2ddc _cBK |
||
| 999 |
_c14353 _d14353 |
||